Most Streamed Brent Faiyaz Songs - Statistics

General Stats
  • This quiz has been taken 31 times
  • The average score is 6 of 20
Answer Stats
# Streams Answer % Correct
1 758,263,540 Clouded
74%
6 518,381,896 ALL MINE
68%
8 433,160,936 Been Away
47%
9 432,622,119 Best Time
42%
14 340,257,436 JACKIE BROWN
42%
3 685,032,807 Trust
42%
2 731,205,315 Crew
37%
5 522,119,415 DEAD MAN WALKING
37%
12 363,277,137 GRAVITY
37%
4 612,255,831 Poison
37%
13 356,647,586 Rehab (Winter In Paris)
37%
20 189,627,146 ROLLING STONE
37%
19 190,286,625 ROLE MODEL
21%
7 513,366,043 Dreams, Fairytales, Fantasies
16%
16 250,876,594 Fuck The World (Summer in London)
16%
10 413,464,969 SWEET / I THOUGHT YOU WANTED TO DANCE
16%
17 235,392,740 Forever Yours
11%
11 410,146,630 Language
11%
15 255,587,593 lost souls
11%
18 216,868,960 Upset
11%
No matching quizzes found
Score Distribution
Percent of People with Each Score
Percentile by Number Answered
Your Score History
You have not taken this quiz